Normal view
MARC view
- Raju P Shanmuga
Entry Personal Name
001 - CONTROL NUMBER
- control field: 179964
003 - CONTROL NUMBER IDENTIFIER
- control field: OSt
005 - DATE AND TIME OF LATEST TRANSACTION
- control field: 20230314152840.0
008 - FIXED-LENGTH DATA ELEMENTS
- fixed length control field: 230314|| aca||aabn | a|a d
040 ## - CATALOGING SOURCE
- Original cataloging agency: OSt
- Transcribing agency: OSt
100 ## - HEADING--PERSONAL NAME
- Personal name: Raju P Shanmuga
670 ## - SOURCE DATA FOUND
- Source citation: Work cat.: (OSt)142144: Raju P Shanmuga, Handbook of Neurological Physical Therapy, 2012